000 00484nam a2200181Ia 4500
001 24296
005 20260414151033.0
008 260414t2010||||xx |||||||||||||| ||spa||
041 _aESP
082 _a345.2
_bR47
100 _aReyna Alfaro, Luis Miguel
_eAUT
245 0 _aLitigación oral y técnicas de persuasión aplicadas al código procesal penal
_b
260 _c2010
300 _a330 páginas :
_c24 cm.
650 _aDER
654 _aCDE
942 _cLIB
_dJUS
_fJUS
_2ddc
_n
999 _c24296
_d24296